| 000 | 00462nam a2200181Ia 4500 | ||
|---|---|---|---|
| 008 | 180424s9999 xx 000 0 und d | ||
| 020 | _a760058792 | ||
| 084 | _a510.78 S151 | ||
| 100 | _a"Sutzinger, John W" | ||
| 245 | 0 | _aSystems Analysis and Design in a Changing World | |
| 250 | _a\\200000ENGGPCX | ||
| 260 | _aThomson Learning | ||
| 260 | _b2000 | ||
| 260 | _cCambridge | ||
| 300 | _a630p. | ||
| 500 | _aincludes index and biblioraphy | ||
| 942 | _cBK | ||
| 999 |
_c65108 _d65108 |
||